00000000nam##2200000za#4500
0019.644659
003CaOODSP
00520210615112514
007ta
008150407|1993||||xxc|||||     f|0| 0 eng|d
020 |a0-660-14821-8
040 |aCaOODSP|beng
043 |an-cn---
0861 |aA53-1893/1993E
1101 |aCanada.|bAgriculture Canada.|bResearch Branch.
24510|aOptimal set covering for biological classification / |cby L. P. Lefkovitch. Issued by Research Branch.
260 |aOttawa - Ontario : |bAgriculture Canada. |c1993.
300 |a454p. : |bfigs., graphs, references, tables ; |c22 cm.
500 |aContents: Introduction.--Set covering.--Numerical representation of attributes.--Clustering without pairwise resemblances.--Boolean dissimilarity.--Clustering on the real line.--Scalar dissimilarity coefficients.--Subset generation using scalar dissimilarities.--Some special applications and additional topics.--Case studies.--Appendixes.--References.--Index.
5203 |aDrawing on completely new material and preliminary work published in journals, this study explains conditional clustering from first principles. The book demonstrates clearly how mathematical procedures can contribute to biological classification and identification with a minimum of assumptions. Of interest to museums of natural history, universities offering biology and mathematics, taxonomists and ecologists. A series of case studies illustrates most of the procedures and principles.
563 |aSoftcover
590 |a93-24|b1993-06-18
69007|aTaxonomy|2gcpds
69007|aBiology|2gcpds
7201 |aLefkovitch, L. P.
7760#|tOptimal set covering for biological classification / |w(CaOODSP)9.699638
986 |aPublication 1893/E